SOMETHING CALLED NOTHING - PHYSICAL VACCUM : WHAT IS IT? (Record no. 358834)

MARC details
000 -LEADER
fixed length control field 003140000a22001330004500
005 - DATE AND TIME OF LATEST TRANSACTION
control field 20120302063209.0
040 ## - CATALOGING SOURCE
Original cataloging agency ENG
100 ## - MAIN ENTRY--PERSONAL NAME
Personal name PODONY ,R.
245 ## - TITLE STATEMENT
Title SOMETHING CALLED NOTHING - PHYSICAL VACCUM : WHAT IS IT?
260 ## - PUBLICATION, DISTRIBUTION, ETC. (IMPRINT)
Place of publication, distribution, etc MIR PUBLISHERS ,1986
300 ## - PHYSICAL DESCRIPTION
Extent 214 P.
650 ## - SUBJECT ADDED ENTRY--TOPICAL TERM
Topical term or geographic name as entry element VACCUM
942 ## - ADDED ENTRY ELEMENTS (KOHA)
Koha item type Book
Holdings
Withdrawn status Lost status Damaged status Not for loan Home library Current library Date acquired Total Checkouts Barcode Date last seen Price effective from
        Institute For Oriental Study, Thane Institute For Oriental Study, Thane 12/02/2009   IOS-E 19885 12/02/2009 12/02/2009